000 01065nam a2200277 4500
003 OSt
005 20260530113900.0
008 260507b1991 ve a|||| |||| 00| 0 spa d
040 _aICI
_bspa
_cICI
041 _aspa
_aeng
050 _aN6737.C37
_bO37
100 1 _aMonte Avila
_eeditor
_932158
245 1 0 _aObras de Arte de la Ciudad Universitaria de Caracas :
_bensayos = Works of art of the University City of Caracas : essays /
_cMarina Gasparini ... [y otros.] ; fot., Paolo Gasparini
246 _aWorks of art of the university city of caracas : essays
264 1 _aCaracas :
_bUniversidad Central de Venezuela :
_c1991
300 _a221 páginas:
_bilustraciones
336 _atexto
_2rdacontent
337 _asin medio
_2rdamedia
338 _avolumen
_2rdacarrier
500 _a Texto en espanol e ingles
610 2 _aUniversidad Central de Venezuela
_932159
650 4 _aArte venezolano
_zCaracas
_932160
650 4 _aArte moderno
_ySiglo XX
_z Venezuela
_zCaracas
_932161
700 _aGasparini, Marina
_ecolaborador
_932162
942 _2lcc
_cBK
_n1
999 _c11742
_d11742